000 00395nam a2200145Ia 4500
008 240624s9999 xx 000 0 und d
041 _aeng
082 _a336.2714 SHA
100 _aPAREKH G D
245 _aTREATISE ON THE MAHARASHTRA VALUE ADDED
250 _a(2nd ed.)
260 _c2008
_aMumbai
_bSnow White Publication Pvt. Ltd.
300 _alxxx, : 1305 : p. : cm. ; 25
365 _cRS
_b15
999 _c9409
_d9409